Jason Derulo Charting Songs (Billboard Hot 100) - Statistics

General Stats
  • This quiz has been taken 117 times
    91 since last reset
  • The average score is 8 of 22
Answer Stats
Album Weeks On Peak Artist(s) Song % Correct
Tattoos and Talk Dirty 33 Weeks #3 Jason Derulo ft. 2 Chainz Talk Dirty
85%
Non-Album Single 31 Weeks #1 (1 Week) Jawsh 685 x Jason Derulo Savage Love (Laxed - Siren Beat)
74%
Nu King 20 Weeks #29 Jason Derulo ft. Nicki Minaj & Ty Dolla $ign Swalla
63%
Jason Derulo 32 Weeks #1 (1 Week) Jason Derulo Whatcha Say
63%
Everything is 4 35 Weeks #5 Jason Derulo Want to Want Me
60%
Tattoos and Talk Dirty 21 Weeks #5 Jason Derulo ft. Snoop Dogg Wiggle
60%
Tattoos and Talk Dirty 32 Weeks #14 Jason Derulo Trumpets
49%
Tattoos and Talk Dirty 21 Weeks #18 Jason Derulo The Other Side
42%
Jason Derulo 34 Weeks #5 Jason Derulo In My Head
39%
Jason Derulo 28 Weeks #9 Jason Derulo Ridin' Solo
36%
Future History 22 Weeks #17 Jason Derulo It Girl
32%
Nu King 8 Weeks #57 Jason Derulo Take You Dancing
29%
Tattoos and Talk Dirty 17 Weeks #26 Jason Derulo Marry Me
25%
Future History 15 Weeks #14 Jason Derulo Don't Wanna Go Home
22%
Everything is 4 12 Weeks #52 Jason Derulo Get Ugly
21%
Nu King 5 Weeks #71 Jason Derulo ft. Adam Levine Lifestyle
19%
Everything is 4 7 Weeks #66 Jason Derulo Cheyenne
13%
Jason Derulo 2 Weeks #76 Jason Derulo What If
11%
Non-Album Single 1 Week #79 Flo Rida ft. Jason Derulo Hello Friday
10%
Future History 1 Week #83 Jason Derulo Fight For You
8%
Non-Album Single 8 Weeks #67 Jason Derulo If It Ain't Love
8%
Future History 1 Week #90 Jason Derulo Undefeated
8%
No matching quizzes found
Score Distribution
Percent of People with Each Score
Percentile by Number Answered
Your Score History
You have not taken this quiz since the last reset